Levočan vydávajúci prvé slovenské noviny

Podrobná bibliografia
Hlavný autor: Ďorková, Lucia (Autor)
Ďalší autori: Ondráš, Oliver (Fotograf)
Médium: Článok
Jazyk:slovenčina
PhysicalDescription:Fotogr.
ISSN:1339-648X
Predmet:

MARC

LEADER 00000nab a2200000 ar4500
001 vtls011472963
003 SK-MaSNL
005 20260303094120.0
008 160215c2015 xo wr|p|||||||000 b|slo
038 |a PPPK 
040 |a PPPKCL  |b slo  |c PPPKCL  |e AACR2 
041 0 |a slo 
044 |a xo  |c SK 
080 |a 070.48  |x (437.6)  |2 2001 
080 |a 070(091)  |x (437.6)  |2 2001 
100 1 |a Ďorková, Lucia  |4 aut  |9 1106047 
245 1 0 |a Levočan vydávajúci prvé slovenské noviny  |c Lucia Ďorková ; Foto: TASR/Oliver Ondráš 
300 |b Fotogr. 
600 1 7 |a Tállayi, Daniel  |2 pppkcl  |9 1106048 
630 0 7 |a Prešpurské noviny  |2 pppkcl  |9 1040046 
648 7 |a 1.7.1783  |2 pppkcl  |9 1106049 
650 0 7 |a noviny  |2 pppkcl  |9 1420 
650 0 7 |a dejiny žurnalistiky  |2 pppkcl  |9 75157 
651 7 |a Levoča (Slovensko)  |2 pppkcl  |9 26696 
700 1 |a Ondráš, Oliver  |4 pht  |9 338626 
773 0 |t Naše novinky : Levoča  |g Roč. II, č. 1 (2015), s. 5  |x 1339-648X 
852 |a PPPK  |b KIS3GCP 
999 |c 1818924  |d 1820854